God, universe, and life : spiritual interpretation of the universe : a scientific study (Record no. 63081)
[ view plain ]
| 000 -LEADER | |
|---|---|
| fixed length control field | 00780nam a22001937a 4500 |
| 003 - CONTROL NUMBER IDENTIFIER | |
| control field | NUST - PNEC |
| 005 - DATE AND TIME OF LATEST TRANSACTION | |
| control field | 20170116180803.0 |
| 008 - FIXED-LENGTH DATA ELEMENTS--GENERAL INFORMATION | |
| fixed length control field | 150420b xxu||||| |||| 00| 0 eng d |
| 020 ## - INTERNATIONAL STANDARD BOOK NUMBER | |
| International Standard Book Number | - |
| 040 ## - CATALOGING SOURCE | |
| Transcribing agency | LIBRARY |
| 082 ## - DEWEY DECIMAL CLASSIFICATION NUMBER | |
| Classification number | 297.24 MUN |
| 100 ## - MAIN ENTRY--PERSONAL NAME | |
| 9 (RLIN) | 2761 |
| Personal name | Munir Mohammad |
| 245 ## - TITLE STATEMENT | |
| Title | God, universe, and life : spiritual interpretation of the universe : a scientific study |
| Statement of responsibility, etc. | Mohammad Munir |
| 260 ## - PUBLICATION, DISTRIBUTION, ETC. | |
| Place of publication, distribution, etc. | Islamabad : |
| Date of publication, distribution, etc. | c1982. |
| 300 ## - PHYSICAL DESCRIPTION | |
| Extent | 216 pages ; |
| Dimensions | 23 cm. |
| 650 ## - SUBJECT ADDED ENTRY--TOPICAL TERM | |
| 9 (RLIN) | 2760 |
| Topical term or geographic name entry element | Islamic cosmology |
| General subdivision | General |
| 856 ## - ELECTRONIC LOCATION AND ACCESS | |
| Uniform Resource Identifier | <a href="http://www.amazon.com/God-universe-life-interpretation-scientific/dp/B0006EF25I/ref=sr_1_1?s=books&ie=UTF8&qid=1429508675&sr=1-1&keywords=God%2C+universe%2C+and+life+%3A+spiritual+interpretation+of+the+universe+%3A+a+scientific+study">http://www.amazon.com/God-universe-life-interpretation-scientific/dp/B0006EF25I/ref=sr_1_1?s=books&ie=UTF8&qid=1429508675&sr=1-1&keywords=God%2C+universe%2C+and+life+%3A+spiritual+interpretation+of+the+universe+%3A+a+scientific+study</a> |
| 942 ## - ADDED ENTRY ELEMENTS (KOHA) | |
| Source of classification or shelving scheme | |
| Koha item type | Book |
| Withdrawn status | Lost status | Source of classification or shelving scheme | Damaged status | Not for loan | Permanent Location | Current Location | Shelving location | Date acquired | Source of acquisition | Cost, normal purchase price | Total Checkouts | Full call number | Barcode | Date last seen | Cost, replacement price | Price effective from | Koha item type |
|---|---|---|---|---|---|---|---|---|---|---|---|---|---|---|---|---|---|
| Pakistan Navy Engineering College (PNEC) | Pakistan Navy Engineering College (PNEC) | 12/06/1985 | Royal Book Company / Library / Reference Grant | 100.00 | 297.24 MUN | PNECLIB-006799 | 04/20/2015 | 100.00 | 12/06/1985 | Book | |||||||
| Pakistan Navy Engineering College (PNEC) | Pakistan Navy Engineering College (PNEC) | 05/18/1985 | Royal Book Company / Library / Reference Grant | 100.00 | 297.24 MUN | PNECLIB-006251 | 04/22/2015 | 100.00 | 05/18/1985 | Book |
